Life after death (Record no. 31999)

MARC details
000 -LEADER
fixed length control field 00528nam a2200181Ia 4500
020 ## - INTERNATIONAL STANDARD BOOK NUMBER
ISBN 9781932099591
050 ## - CALL MARK
Classification number BP 166.8 .G85/
100 ## - STATEMENT OF RESPONSIBILITY--MAIN AUTHOR NAME
Personal name Gülen, Fethullah
245 #0 - TITLE STATEMENT
Title Life after death
260 ## - PUBLICATION, DISTRIBUTION, ETC. (IMPRINT)
Place of publication New Jersey
260 ## - PUBLICATION, DISTRIBUTION, ETC. (IMPRINT)
Name of publisher Tughra Books
260 ## - PUBLICATION, DISTRIBUTION, ETC. (IMPRINT)
Year of publication 2004
300 ## - PHYSICAL DESCRIPTION
Number of Pages 21 p
650 ## - SUBJECT ADDED ENTRY--TOPICAL TERM
Topical Term Future life _ Islam Future life _ Islam _ Koranic teaching Gelecek hayat - İslam Gelecek yaşam - İslamiyet - Kur'an öğretimi
942 ## - ADDED ENTRY ELEMENTS (KOHA)
Koha item type Books
Holdings
Withdrawn status Lost status Source of classification or shelving scheme Damaged status Not for loan Permanent Location Current Location Shelving location Date acquired Accession Number Price effective from Koha item type
    Library of Congress Classification     NILE UNIVERSITY OF NIGERIA - MAIN LIBRARY NILE UNIVERSITY OF NIGERIA - MAIN LIBRARY Items on shelf 04/23/2025 0011876 04/23/2025 Books